[Event "EU-Cup 15th final"]
[Site "Bugojno"]
[Date "1999.10.30"]
[Round "2"]
[White "Timman, Jan H"]
[Black "Svidler, Peter"]
[Result "1-0"]
[WhiteElo "2650"]
[BlackElo "2684"]
[Annotator "Mikhalevski,V"]
[PlyCount "109"]
[EventDate "1999.10.29"]
[EventType "team-k.o."]
[EventRounds "3"]
[EventCountry "BIH"]
[SourceTitle "EXT 2020"]
[Source "ChessBase"]
[SourceDate "2019.10.17"]
[SourceVersion "1"]
[SourceVersionDate "2019.10.17"]
[SourceQuality "1"]
[WhiteTeam "Breda Panfox"]
[BlackTeam "St Petersburg"]
[WhiteTeamCountry "NED"]
[BlackTeamCountry "RUS"]

1. e4 e5 2. Nf3 Nc6 3. d4 exd4 4. Nxd4 Bc5 5. Nxc6 Qf6 6. Qd2 dxc6 7. Nc3 Bd4
$5 {An interesting continuation firstly introduced in the game of two Israeli
youngsters(see below).The idea of the move is to prevent typical queen
exchange 8.Qf4 which is now impossible as the knight on c3 will remain
undefended.} (7... Ne7 {is the main line.}) 8. f4 ({In the later game Tkachev
gives to 7...Bd4 another try,but Van der Wiel brings in a new idea of
development and soon obtains a slight,but long-term advantage in the endgame.} 
8. Bc4 Ne7 9. O-O Ng6 10. Kh1 Be6 11. Bxe6 fxe6 12. Ne2 Bb6 13. Qg5 Ne5 14. f3
Rd8 15. b3 O-O 16. Qxf6 gxf6 17. Ba3 Rfe8 18. Rad1 {+= 1-0 Van der Wiel,
J-Tkachiev,V/Cannes 1999/CBM 74_02 (46)}) 8... Be6 ({A month before the
current game} 8... Nh6 $5 {was tried in the Polish team championship} 9. Qd3
O-O (9... Ng4 10. Nd1 O-O 11. h3 Nh6 12. e5 Qd8 13. c3 Bb6 14. Qxd8 Rxd8 15. g4
{seems to be in white's favour.}) 10. Be3 Bxc3+ 11. Qxc3 Qxc3+ 12. bxc3 Re8 13.
Bd3 Bf5 14. exf5 Ng4 $1 15. Kd2 Nxe3 16. g3 Rad8 {1/2-1/2 Bobras,P-Stempin,P/
Suwalki POL 1999 (42) with approximately equal endgame in which weaknesses of
both sides compensate each other.}) 9. e5 Qh4+ {Black forces White to weaken
the d5-h1 diagonal,but at the same time allows development of the
white-squared bishop from g2.} ({Immediate} 9... Qd8 {looks also sensible.})
10. g3 Qd8 11. Bg2 Nh6 ({In the origin-game Black continued} 11... Ne7 {
which led to the interesting play:} 12. Nd1 Nf5 13. Qd3 O-O 14. Be4 g6 15. c3
Bc5 16. Qf3 f6 17. exf6 Qxf6 18. Nf2 Bc4 19. b3 Ne3 20. Bd2 Ba6 21. Rc1 Nf5 22.
Kd1 Rad8 23. Kc2 Rd6 24. Ng4 Qg7 25. Rcd1 Rfd8 26. Ne5 {+=} Qf6 27. h4 h5 28.
g4 hxg4 29. Qxg4 $4 (29. Nxg4) 29... Rxd2+ 30. Rxd2 Ne3+ {0-1 Bar,R-Bitansky,I/
Petach Tikva 1995/EXT 99 (30)}) 12. Ne4 O-O 13. Qe2 {Preparing development of
the queen side by means of c3;Bd2(e3) and 0-0-0 after preliminary Ng5.} Nf5 (
13... Bg4 {seems to be senceless as after simple} 14. Qd3 {Black's bishop on
g4 will be out of play.} (14. Bf3 $143 Bxf3 15. Qxf3 Re8 16. c3 Bb6 {and Black
can try to make use of weakened white squares in the White's camp.})) 14. c3
Bb6 15. Bd2 Qe7 $6 {Probably first inaccuracy.} (15... Re8 {deserved serious
attention with the idea} 16. Ng5 Bd5) 16. Ng5 Rad8 ({Temporary pawn sacrifice
by means of} 16... Bd5 {was interesting,but White obtains advantage declining
it.} 17. Bxd5 cxd5 18. Qd3 h6 $1 (18... Qd7 $143 19. g4 f6 (19... h6 20. gxf5
hxg5 21. fxg5 {+/-}) 20. e6 Qd6 21. gxf5 fxg5 22. O-O-O $1 {+=}) 19. Nf3 $1 {
This cool decision promises very comfortable attacking position.} ({Accepting
pawn yields nothing special:} 19. Qxf5 hxg5 20. fxg5 f6 {!} (20... Rae8 21.
O-O-O $1 Qxe5 22. Qxe5 Rxe5 23. Bf4 Rf5 24. Rhe1 {+=}) 21. gxf6 Rxf6 22. Qh5 (
22. Qg5 Qe6 (22... Re6 23. Qxe7 Rxe7 24. O-O-O Rxe5 25. Bf4 Rf5 {=}) 23. O-O-O
Rf5 {=}) 22... Qe8 $1 (22... Re6 23. Bf4 $1 g5 24. Qg4 Kh8 25. Bd2 Rxe5+ 26.
Kd1 {+=}) 23. Qxe8+ Rxe8 24. O-O-O (24. Bf4 g5 25. O-O-O Rf5) 24... Rxe5 25.
Bf4 Ref5 {=}) 19... Qd7 20. O-O-O $40) 17. Be4 {Strengthening pressure and
taking the bishop out of possible attack Nh4 in case of g4.} Bc8 {Black is
lack of useful moves and has to take in consideration possible g4.So the move
in the game looks almost obligatory.} (17... Bd5 $2 {is impossible in view of}
18. Bxf5 $1 Bxh1 19. Bxh7+ Kh8 20. Qh5) 18. O-O-O {+= White completes the
development and obtains clear positional advantage thanks to the better pawn
structure. Sometimes one inaccuracy can bring big troubles especially if you
play as black.} f6 19. Nf3 {White decides to refrain from complications,but} ({
after} 19. Nxh7 $1 {Black is in the serious troubles:} Kxh7 (19... Rfe8 20. Qh5
(20. Rhe1 $5) 20... Qf7 21. Qxf7+ Kxf7 22. Rhe1 Kg8 23. exf6 Kxh7 24. g4 {+/-})
20. g4 $1 (20. Qh5+ Kg8 21. Bxf5 Bxf5 22. Qxf5 fxe5 23. Qxe5 (23. Qe4 Qf7 $1
24. Kb1 exf4 25. Bxf4 {+=}) 23... Qf7 {with definite compensation.} (23... Qxe5
24. fxe5 Rf2 25. h4 $1 Rdxd2 26. Rxd2 Be3 27. Rhd1 Re2 28. Kc2 Bxd2 29. Rxd2
Rxe5 30. Rd7 {+/-})) 20... fxe5 21. gxf5 Kg8 22. f6 $1 Qxf6 (22... Rxf6 23.
fxe5 Rf2 24. Qh5 {+-}) (22... gxf6 23. Rhg1+ (23. fxe5) 23... Bxg1 24. Rxg1+
Kf7 25. Qh5+ Ke6 26. fxe5 $1 {+-}) 23. fxe5 {+/-}) 19... Nh6 {Black has been
preparing Bf5 to relieve the defence.It' always useful to exchange pieces when
you are lack of space!But...} 20. exf6 Qxf6 21. Ng5 {Very good use of the
better pawn structure.Now White's turn to force Black to exchange pieces as an
extra pawn on the king side will be much more essential in the endgame.} Bf5 (
21... g6 {doesn't look better.}) 22. Bxf5 Qxf5 ({Or} 22... Nxf5 23. Qe6+ (23.
Rhe1 $5) 23... Kh8 24. Rhe1) 23. Qe6+ Kh8 (23... Qxe6 $4 {loses an exchange}
24. Nxe6) 24. Qxf5 Rxf5 (24... Nxf5 $4 25. Ne6) 25. c4 $1 {Good positional
move.White prevents regrouping of the black army by means Rd5 and Nf5 and
prepares Bc3 continuing above-mentioned strategy of exchanges.} Ng4 {Maybe not
very fortunate move,but it was really difficult to do something better.} 26.
Bc3 {+/-} Rd6 27. Ne4 (27. Rxd6 $1 {is even stronger and leads to immediate
win while the move in the game is good enough "only"for big advantage.} cxd6
28. Re1 Be3+ (28... Kg8 29. Re7 g6 30. Ne6 $1 {+-}) (28... Ne3 29. Ne6 $1 {+-})
29. Kb1 h6 30. h3 $1 Nf2 31. Ne6 Bb6 32. Nxg7 {+-}) 27... Be3+ 28. Kb1 Rxd1+
29. Rxd1 Kg8 30. Ng5 $1 h6 31. Ne6 g5 (31... Nf6 $5) 32. Rd8+ Kf7 33. Ng7 $1
Rc5 34. Rd7+ {White establishes good coordianation forcing Black to sacrifice
an exchange to avoid immediate disaster.} Kg6 (34... Kg8 35. Ne6) 35. f5+ (35.
b4 $1 {wins simplier:} Rxc4 (35... Nf6 36. f5+ $1 Rxf5 37. Nxf5 Nxd7 38. Nxe3 {
+-}) 36. f5+ Kh7 37. Ne6+ Kg8 38. f6 Nxf6 $8 39. Bxf6 {+-}) 35... Rxf5 36. Nxf5
Kxf5 37. h3 Nf2 38. h4 $6 {Probably time-trouble doesn't allow White to find
more convincing continuations.} (38. Re7 $1 {was much better} Nd1 $8 (38... Bb6
39. c5 Bxc5 40. Re5+ {+-}) (38... Ne4 39. Re5+) 39. Re5+ (39. Bh8 $5) 39... Kg6
40. Kc2 Nxc3 41. Kxc3 Bf2 42. g4 {+-}) 38... Ne4 (38... Kg4 $5) 39. Be1 Kg4 40.
hxg5 hxg5 41. Rxc7 Nxg3 {Smoke has disappeared.White is still winning ,but has
to be accurate to avoid possible counterplay.} 42. Kc2 Ne4 43. Rxb7 Kf3 44.
Rf7+ Ke2 45. Re7 Nd6 46. Bd2 {White puts his money on the a-pawn.} Nf5 (46...
Nxc4 47. Bxe3 Nxe3+ 48. Kc3 Kf3 49. Rxa7 {and White has to win.}) 47. Bxe3 $1 {
Unexpected decision based on the accurate calculation.White sacrifices an
exchange in order to decide the game with the aid of the a-pawn.Bishop is much
stronger than knight in the positons with pass pawns on the different sides.}
Nxe7 48. Bxa7 g4 49. a4 g3 50. a5 g2 51. a6 Nf5 52. Bg1 $1 {The key move.In
the case of any other move Black plays Ne3 with good chances to escape in the
queen ending.Now it's over.The a-pawn is unstopable.} Ne3+ 53. Kb3 Ng4 54. a7
Kf1 55. Bc5 (55. Bc5 Nf2 56. Bxf2 Kxf2 57. a8=Q g1=Q 58. Qa7+ {and White wins.}
) (55. a8=Q {is also sufficient for the win,but move in the game is simplier.})
1-0

[Event "Bundesliga 9900"]
[Site "Germany"]
[Date "2000.03.12"]
[Round "12.4"]
[White "Baklan, Vladimir"]
[Black "Sokolov, Ivan"]
[Result "1-0"]
[WhiteElo "2571"]
[BlackElo "2637"]
[Annotator "Mikhalevski,V"]
[PlyCount "69"]
[EventDate "1999.10.09"]
[EventType "team-tourn"]
[EventRounds "15"]
[EventCountry "GER"]
[SourceTitle "CBM 076"]
[Source "ChessBase"]
[SourceDate "2000.05.31"]
[SourceVersion "1"]
[SourceVersionDate "2000.05.31"]
[SourceQuality "1"]
[WhiteTeam "Magdeburg"]
[BlackTeam "Porz"]
[WhiteTeamCountry "GER"]
[BlackTeamCountry "GER"]

1. e4 e5 2. Nf3 Nc6 3. d4 exd4 4. Nxd4 Bc5 5. Be3 Qf6 6. c3 Nge7 7. Bc4 O-O 8.
O-O Bb6 9. Na3 Qg6 ({Another theoretical line starts with} 9... d6) 10. f3 Ne5
{In according to Mega database this move is new.In the preceding games Black
tried 10...d6 and 10...Rad8} (10... d6 11. Nac2 (11. Ndc2 Be6 12. Bxb6 Bxc4 13.
Nxc4 axb6 {1/2-1/2 Smith,R-Sarfati,J/NZD-ch 1992/EXT 97 (13)}) 11... Kh8 12.
Nxc6 bxc6 13. Bd3 f5 14. Bxb6 axb6 15. Nd4 f4 16. b4 Qf6 17. a4 c5 18. Ne2 Nc6
$17 {[%cal Gc6e5] 0-1 Kiik,K-Gausel,E/Gausdal 1992/TD (40)}) ({Milos' idea to
play d5 without losing time on d6 is interesting.} 10... Rd8 $5 {[%cal Gd7d5]}
11. Ndc2 Ne5 12. Bb3 d5 13. exd5 Nd3 {[%cal Ge7d5]} 14. Bxb6 axb6 15. Ne3 Nxb2
16. Qd2 Rxa3 17. Qxb2 Ra8 18. Rfe1 Qf6 19. Qe2 Ng6 20. Rad1 Bd7 21. Qc4 Qd6 22.
Qd4 $14 {[%cal Ge3c4] 1/2-1/2 Hernandez,G-Milos,G/Guarapuava 1992/EXT 98 (32)})
11. Qe2 Nxc4 12. Nxc4 Bxd4 ({Natural} 12... d5 {is met by} 13. Nxb6 axb6 14.
Nb5 $1 {[%csl Rb6,Rc7] and Black has problems defending pawns of the queen
side.For instance} Qc6 15. Bf4 $14 {[%csl Rc7]}) 13. cxd4 d6 {[%cal Gf7f5]
Black is intending to attack White's centre with help of f5.} ({Now} 13... d5 {
looks much better than on the previous move.} 14. Ne5 Qe6 {[%cal Gf7f6]}) 14.
Rac1 f5 15. Bf2 fxe4 16. Qxe4 $1 Qf7 (16... Nf5) 17. Nxd6 $1 {[%mdl 64]
Probably the only way forcing Black to solve some problems.} cxd6 18. Rc7 {
[%csl Re7][%cal Gc7f7] Black has two sufficient for equality defences.} Be6 (
18... Re8 $5 {wasn't worse than the game.The following variations confirm that
Black keeps the position:} 19. Re1 {[%csl Re7][%cal Ge1e8]} (19. Bh4 $2 d5 $1
$19 20. Qe1 (20. Qc2 Qf8 (20... Qg6 $5)) 20... Nf5 $19) 19... Bf5 $1 (19... d5
$2 20. Qe5 $16) 20. Qxb7 (20. Qe2 Nc6 21. Rxf7 Rxe2 22. Rxf5 Rxb2 {with good
chances to escape.} (22... Rxe1+ $2 23. Bxe1 Nxd4 24. Rd5 $16)) 20... Be6 $8 (
20... Rac8 $2 21. Rcxe7 Rxe7 22. Qxe7 (22. Rxe7 $4 Rc1+ 23. Be1 Rxe1+) 22...
Qxe7 23. Rxe7 $18) (20... Rab8 $2 21. Rcxe7 Rxb7 22. Rxe8+ Qxe8 23. Rxe8+ Kf7
24. Re2 $18) (20... Reb8 $2 21. Rexe7 Rxb7 22. Rxf7 Rxc7 23. Rxc7 $18) 21. Bh4
{[%csl Re7][%cal Gh4e7]} (21. Qe4 $2 Bd5 22. Rxe7 (22. Qe2 Ng6 $1 $19) 22...
Bxe4 23. Rxf7 Kxf7 24. fxe4 Rac8 $15) 21... Rab8 $1 (21... Bd5 22. Qb5 {
[%csl Rd5,Re8]} a6 (22... Reb8 23. Qe2 Qf4 24. Qxe7 Qxd4+ 25. Bf2 Qxb2 26. a4
$16 {[%csl Ra7,Rd6]}) 23. Qa5 $5 (23. Qf1 Qf4 24. Bxe7 Qxd4+ 25. Qf2 Qxf2+ 26.
Kxf2 Bxa2 27. Bxd6 $16) 23... Nc6 (23... Be6 24. d5 $1) 24. Rxf7 Nxa5 25. Rf5
$16 {[%csl Ra5,Rd5][%cal Gf5a5]}) 22. Qxa7 Ra8 23. Qb7 Rab8 (23... Bd5 $2 24.
Qb5 $1 Reb8 (24... Rab8 $2 25. Rcxe7 $1 Rxb5 26. Rxe8+ $18) 25. Qe2 Qf4 26.
Qxe7 Qxd4+ 27. Bf2 Qxb2 28. Qxd6 Rd8 (28... Qxa2 29. Bd4 $18) 29. Rd7 Rxd7 30.
Qxd7 Bf7 (30... Qxa2 $2 31. Re8+) 31. Bd4 $1 (31. a4 $16) 31... Qxa2 32. Qg4
Bg6 (32... g6 33. Qf4 {[%cal Gf4f6,Gf4e5,Gf4h6]} Qa5 34. Rb1 $1 $18 {[%cal
Gb1b8,Gf4f6,Gf4h6]}) 33. Re7 Qb1+ 34. Kf2 $18) 24. Qa6 $5 (24. Qe4 Bd5 $1 25.
Qc2 (25. Qd3 Qg6 $1) 25... Qf4 $1 26. Rcxe7 Rxe7 27. Bxe7 Qxd4+ 28. Kh1 (28.
Qf2 Qxf2+ 29. Kxf2 Rxb2+ $14) 28... Bxa2 (28... Rxb2 $4 29. Qc8+ Kf7 30. Qf5+
$18) 29. b4 (29. Qc3 Qxc3 30. bxc3 Re8 $11) 29... Bf7 30. Rd1 (30. b5 $5) 30...
Qxb4 31. Bxd6 Qb3 $14) 24... g5 $3 {This unusual resourse saves Black.Its idea
is to free the g7-square for Black's king that doesn't allow White to play the
same way as he does after 24...R:b2.} (24... Rxb2 25. Rxe7 Rxe7 26. Bxe7 Qxe7 (
26... Rxa2 27. Qxd6 $18) 27. d5 (27. Qa8+ Kf7 28. d5 Rxg2+ 29. Kxg2 Bh3+ 30.
Kxh3 $1 (30. Kf2 Qh4+ 31. Ke2 Qc4+ 32. Ke3 Qc5+ 33. Kd3 (33. Kf4 Qb4+ 34. Re4
Qd2+ 35. Kg3 (35. Re3 Qxh2+ 36. Ke4 Qe5+ 37. Kd3 Bf1+ 38. Kd2 Qd4+ $17) 35...
Qg2+ 36. Kf4 $11 (36. Kh4 g5+ 37. Kh5 Qxf3+ 38. Kxg5 Qxe4 $19)) 33... Qb5+ $1
34. Kc3 Qc5+ 35. Kb3 Qb5+ 36. Ka3 Qc5+ 37. Kb3 $11 (37. Ka4 $2 Qc4+ 38. Ka5
Qc3+ $19)) 30... Qxe1 31. Qa7+ Kg6 32. Qa6 Qe5 33. Qc4 $16) 27... Rxg2+ (27...
Qg5 28. Qa8+ Kf7 29. dxe6+ $18) 28. Kxg2 Qg5+ (28... Bh3+ 29. Kf2 Qh4+ 30. Ke2
$18) 29. Kf2 Qxd5 30. a4 $16) 25. Bxg5 Rxb2 26. Qxd6 ({Now} 26. Rxe7 $2 {
doesn't work as after} Rxe7 27. Bxe7 Qxe7 28. d5 (28. Qa8+ $142 Kg7 $1 29. Qe4
Qg5 $1 {[%csl Rg2]} 30. f4 Qh4 $1 31. Qxe6 $140 $4 Qf2+ 32. Kh1 Qxg2#) 28...
Qh4 29. Qa8+ {Black has an important square on g7(in case of Kf7 White would
take on e6 with check)} Kg7) 26... Nf5 27. Rxf7 (27. Qe5 Bd7 $1 28. Qxe8+ $11)
27... Nxd6 28. Re7 Bf7 $1 (28... Rxe7 29. Bxe7 Nc8 30. Rxe6 (30. Ba3 $5 Rb6 31.
Bc5 $14) 30... Kf7 31. Rh6 Nxe7 32. Rxh7+ $14) 29. Rxe8+ Nxe8 $11 {with equal
ending where pawns compensate a piece.}) 19. Bh4 $5 (19. Re1 $5 {was also
interesting,but it seems to be about equal anyway.} Rac8 $1 20. Rxc8 (20. Rxb7
$2 Bd5 21. Rxe7 Bxe4 22. Rxf7 Kxf7 23. fxe4 Rc2 $17) 20... Rxc8 21. Qxe6 (21.
h3 $5 Nf5 22. Qxe6 Qxe6 23. Rxe6 Rc1+ 24. Re1 (24. Kh2 Rc2) 24... Rxe1+ 25.
Bxe1 Nxd4 26. Kf2 d5 27. Bc3 Nc6 28. Ke3 $14 {/=}) 21... Qxe6 22. Rxe6 Kf7 23.
Re1 (23. Re2 Rc1+ 24. Re1 (24. Be1 $6 Nc6 25. d5 Nb4 {[%csl Rd5]}) 24... Rc2 (
24... Rxe1+ $5 25. Bxe1 Ke6 {[%csl Rd4][%cal Ge6d5,Ge7c6,Ge7f5]})) 23... Rc2
$44) 19... Rae8 $2 {Suddenly it reaches the target as Sokolov loses his head.}
({After precise} 19... d5 $1 20. Qe2 $1 (20. Qe5 $2 Rfe8 21. Re1 $140 Ng6)
20... Rfe8 21. Re1 Rac8 $1 {Black equalizes:} 22. Rxe7 (22. Rxb7 Rc6) 22...
Rxe7 23. Bxe7 Qxe7 24. Qxe6+ Qxe6 25. Rxe6 Rc2 26. b3 (26. Rd6 Rxb2 27. Rxd5
Rxa2 28. Rd8+ Kf7 29. Rd7+ Kf6 30. Rxb7 a5 $11 {[%cal Ga2d2] and after a and d
pawns will be exchanged the theoretically drawish position arises.})) 20. Bxe7
{Correct moves order.} ({After inaccurate} 20. Rxe7 $2 Rxe7 21. Bxe7 {Black
comes with} Re8 $1 22. Re1 (22. Bxd6 Bc4 {[%csl Re4,Rf1]}) 22... Bd5 23. Qh4 (
23. Qe3 Bxa2 $11) 23... Qg6 {[%cal Gd5f3,Gd5a2]} 24. Kf2 (24. Bg5 Rxe1+ 25.
Qxe1 h6 $11 {[%cal Gd5f3]} (25... Qxg5 $4 26. Qe8#)) 24... Bxa2) 20... Rxe7 21.
Rxe7 Qxe7 {White has to take a difficult decision.Both rook endings(after 22.
d5 and 22.Re1) are with chances for a win.} 22. d5 (22. Re1 $5 {was not less
temptating.} d5 23. Qxe6+ Qxe6 24. Rxe6 Rf4 25. Re7 $14 {/+/-}) 22... Re8 $2 {
[%mdl 16384] Strange decision.After this passive move Black is doomed to
defend passively.} (22... Rf5 $1 {was the only chance to create counterplay.}
23. Qxe6+ (23. dxe6 Re5 24. Qc4 h6 $1 (24... Qxe6 25. Qc7 $14 {/=}) 25. Qb3
$140 Kh8 $1 $11) 23... Qxe6 24. dxe6 Re5 25. Rc1 Rxe6 26. Rc7 $14 (26. Rc8+ $5
{leads to an interesting pawn endgame with most likely draw.} Kf7 27. Rc7+ Re7
(27... Kf6 28. Kf2 $5) 28. Rxe7+ Kxe7 29. Kf2)) 23. Re1 Qf6 24. dxe6 Qxb2 25.
a4 $16 {Is this the position Black was striving to?} Qb6+ 26. Kh1 Qc6 27. Qf4
$1 ({Certainly not} 27. Qxc6 $2 bxc6 {[%csl Re6]}) 27... Re7 (27... Qd7 28. Qg4
$1) 28. h3 h6 29. Qh4 Re8 30. Qd4 d5 (30... Qc5 $5 31. Qf4 (31. Qd3 $5) 31...
Re7 32. Rc1 $140 $6 Qe5 33. Rc8+ Kh7) 31. Qe5 b6 $2 {Too materialistic.Again
Black misses a chance to defend actively.} (31... d4 $1 {is necessary with
chances to escape in a queen endgame.} 32. Qxd4 (32. f4 d3 (32... Qxa4 33. f5 {
[%csl Rg8][%cal Gf5f6]}) 33. f5 d2 34. Rg1 (34. Rd1 Qc2 35. Qe2 Qxf5) 34... Rd8
) 32... Rxe6 33. Rxe6 Qxe6 34. Qxa7 $14) 32. f4 d4 33. f5 $18 {Now White is
just in time.Black is defenceless against crushing f6.} Qc5 34. Qe4 $6 {
Why not 34.f6 opening the position of Black's king?} (34. f6 $142 $1 gxf6 (
34... Qxe5 35. f7+ Kf8 36. fxe8=Q+ Kxe8 37. Rxe5) 35. Qxf6 Qf8 36. Qg6+ (36.
Qxd4 $5) 36... Kh8 37. Re4 {[%cal Ge4h4]} Re7 (37... Rc8 38. e7 Rc1+ 39. Kh2
Qb8+ 40. g3 Rc2+ 41. Kg1 Rc1+ 42. Kf2 Rc2+ 43. Ke1 $18) 38. Rxd4 $18) 34... Qd6
$2 {loses at once} ({Necessary was} 34... Kh8) 35. f6 (35. f6 gxf6 36. Qg6+ {
[%csl Re8,Rg8]} Kf8 37. Qf7#) 1-0

[Event "Dresden zt 1.2"]
[Site "Dresden"]
[Date "1998.04.29"]
[Round "2"]
[White "Pavasovic, Dusko"]
[Black "Rogulj, Branko"]
[Result "1-0"]
[WhiteElo "2505"]
[BlackElo "2430"]
[Annotator "Mikhalevski,V"]
[PlyCount "33"]
[EventDate "1998.04.28"]
[EventType "swiss"]
[EventRounds "11"]
[EventCountry "GER"]
[SourceTitle "CBM 065"]
[Source "ChessBase"]
[SourceDate "1998.08.06"]
[SourceVersion "1"]
[SourceVersionDate "1998.08.06"]
[SourceQuality "1"]

1. e4 e5 2. Nf3 Nc6 3. d4 exd4 4. Nxd4 Nf6 5. Nxc6 bxc6 6. e5 Qe7 7. Qe2 Nd5 8.
c4 Ba6 9. b3 g6 (9... Qh4 $5 {Schussler} 10. Bb2 Bb4+ 11. Kd1 Nf4 12. Qe3 Ne6
$15 {Gufeld-Vistaneckis, Russia 1955.}) 10. f4 (10. Ba3 Qh4 11. Bxf8 Kxf8 {
/\Re8 Portisch,L}) (10. Bb2 Bg7 11. Nd2 Nb4 $36 12. Nf3 c5 13. g3 O-O 14. Bg2
Rae8 15. O-O d6 16. Ne1 Qd7 17. Qd2 Bxe5 18. Bxe5 Rxe5 19. a3 Nc6 20. Nd3 Re7
$15 {Hjartarson,J-Portisch,L Reykjavik,1991}) 10... Qb4+ (10... f6 11. Ba3 Qf7
12. Qd2 Nb6 13. c5 Bxf1 14. cxb6 axb6 $2 15. e6 $3 $16 {Kasparov,G-Karpov,A
Tilburg(Interpolis) 1991}) 11. Bd2 (11. Qd2 $4 Nxf4 $17) 11... Qb6 {[%cal
Gb6d4] /\Qd4} (11... Nxf4 $4 12. Qe4 $18) 12. Qe4 (12. Nc3 Nxc3 (12... Bb4 13.
Qf3 (13. Nxd5 $6 cxd5 $36) (13. Qd3 Bxc3 14. Bxc3 Nxf4 15. Qd2 Ne6 16. O-O-O
O-O-O 17. Ba5 Qc5 18. Bb4 Qb6 19. Be7 Rde8 20. Bf6 Rhg8 21. Be2 Kb8 22. Bf3 Bc8
23. h4 h5 24. Rhe1 Nf8 25. Bg5 Ne6 26. Be3 Qa6 27. Qb4+ Qb7 28. Qa5 Rgf8 29.
Bf2 Re7 30. Kb2 Rfe8 31. Ka1 Qa6 32. Qb4+ Qb7 33. Qc3 Rg8 34. b4 g5 35. b5 g4
36. bxc6 Qa6 37. Rb1+ Ka8 38. Qb4 {1-0 Wells,P-Cela,A/Aegina op 1995}) 13...
Nxc3 14. Bxc3 Bb7 $1 {/\c5,0-0-0} (14... Qd4 $5 15. Rc1 Bxc3+ 16. Rxc3 O-O-O
17. Be2 (17. Qe3 c5 18. Rd3 Qxe3+ 19. Rxe3 Bb7 20. Kf2 d6 21. Be2 dxe5 22. fxe5
Rd2 23. Rf1 Re8 24. Ke1 Rd7 25. Rf6 Rde7 26. Kf2 Rxe5 27. Rxe5 Rxe5 28. Rxf7 h5
29. Bd3 g5 30. g3 Bc6 31. Bg6 h4 32. gxh4 gxh4 33. Rf4 Rg5 34. Bf5+ Kb7 35. Bh3
Rh5 36. Rf5 Rxf5+ 37. Bxf5 Kb6 38. Ke3 Ka5 39. a3 Bg2 40. h3 Kb6 41. Kf4 a5 42.
a4 c6 43. Kg4 Kc7 44. Kxh4 Kd6 45. Kg3 Bh1 46. Kf4 Ke7 47. Be4 {1-0 Van der
Wiel,J-Lukacs,P/AUT-chT9495 1995}) 17... f6 $10) 15. O-O-O c5 16. Qe3 {/\Bb2+/-
} Bxc3 17. Qxc3 O-O-O $10 {/^h1-a8} 18. h4 Rhe8 (18... d6 $6 19. exd6 cxd6 20.
Rh3 $14 {><d6,f6}) 19. Rh3 d6 20. Rhd3 (20. exd6 Rxd6 21. Rxd6 $6 Qxd6 $36)
20... dxe5 21. Qxe5 Qc6 22. Rxd8+ Rxd8 23. Rxd8+ Kxd8 24. Kd2 {1/2-1/2 Gelfand,
B-Karpov,A/Linares 1992} (24. Qh8+ Ke7 25. Qxh7 $4 Qe4 $19) (24. Kb2 Qd6 25.
Qxd6+ cxd6 26. g4 h6 27. Bd3 Bf3 28. g5 hxg5 29. hxg5 a5 30. Kc3 Ke7 31. Kd2 {
1/2-1/2 Van der Wiel,J-Wu Shaobin/Moscow olm 1994})) 13. Bxc3 Bb4 14. Qd2 c5
15. Bxb4 Qxb4 16. Qxb4 cxb4 17. Be2 Bb7 {1/2-1/2 Lau,R-Dautov,R/Dortmund op-A
1992}) 12... Nb4 $6 (12... f5 $1 13. Qc2 (13. Qf3 Qd4 14. Nc3 Nxc3 15. Qxc3
Qxc3 16. Bxc3 Bg7 17. O-O-O c5 18. Kc2 O-O-O 19. Bd3 Bb7 20. Rhg1 d6 21. exd6 {
1/2-1/2 Ivanov,V-Mishuchkov,N/Cherepovets 1993}) (13. exf6+ $6 Kf7 {[%cal
Ga8e8]} 14. Qd3 (14. cxd5 $2 Re8 15. Qxe8+ Kxe8 16. Bxa6 Qxa6 $17 {[%csl Re1]})
(14. Qf3 Re8+ 15. Be2 Ne3) 14... Re8+ 15. Kd1 Nxf6 {[%csl Rd1][%cal Gf8g7]})
13... Nb4 14. Qb2 Qd4 $5) 13. Nc3 {[%csl Rb4][%cal Ra2a3]} (13. a3 $6 Qd4 $1 {
[]} (13... f5 $2 14. exf6+ Kf7 15. axb4 Re8 16. Qxe8+ Kxe8 17. c5 $18) 14. Qxd4
Nc2+ 15. Kd1 Nxd4 16. b4 d6 $1 $15 {[%csl Rd1]}) 13... Bb7 (13... f5 14. exf6+
Kf7 15. O-O-O $16) 14. a3 f5 $5 (14... Na6 15. b4 c5 16. Nd5 Bxd5 17. cxd5 $16)
15. Qb1 $5 {trying to keep better position without any complications.} (15.
exf6+ Kf7 16. c5 $1 Bxc5 17. axb4 Rhe8 18. bxc5 Qxc5 19. Be2 Rxe4 20. Nxe4 $16
{and Black has some counter chances.}) 15... Na6 16. b4 d6 $4 {Incredible
blunder!} (16... c5 $8 {was the only chance to continue.} 17. b5 Nb8 18. Nd5
Bxd5 19. cxd5 $16 {[%csl Rb6,Rb8][%cal Gf1c4,Gd2c3,Ra3a4,Ra4a5]}) (16... Qd4 $2
17. Qc1 $1 {[%csl Rd4][%cal Rd2e3]}) (16... Bc8 17. c5 Qb7 18. Bc4 $16 {
[%csl Ra6,Rb7,Re8]}) 17. c5 $1 {[%csl Rb6] Rare hopelessness of a Queen.} (17.
c5 $1 Nxc5 (17... dxc5 18. Na4 {[%csl Rb6]}) 18. bxc5 $18) 1-0